Blue bloods. The tenth season.
Available copies
- 1 of 1 copy available at LARL/NWRL Consortium.
- 1 of 1 copy available at Lake Agassiz Regional Library. (Show preferred library)
Current holds
0 current holds with 1 total copy.
Show Only Available Copies
| Location | Call Number / Copy Notes | Barcode | Shelving Location | Status | Due Date |
|---|---|---|---|---|---|
| Detroit Lakes Public Library | DVD BLU (Text) | 33500013275748 | Main | Available | - |
Record details
- Physical Description: 4 videodiscs (approximately 805 min.) : sound, ... Read More
- Publisher: Los Angeles, CA : Paramount Home Entertainment, [2020]
Content descriptions
| General Note: | Title from sell sheet. Originally broadcast as single episodes of a television program in 2019 and 2020. Wide screen. |
| Participant or Performer Note: | Will Estes, Bridget Moynahan, Tom Selleck, Donnie ... Read More |
| Summary, etc.: | Season ten picks up with newlyweds, Jamie and ... Read More |
| System Details Note: | DVD, wide screen presentation. |
| Language Note: | Subtitled for the deaf and hard of hearing (SDH). |
Search for related items by subject
Search for related items by series
| LDR | 03745cgm a2200793Ki 4500 | ||
|---|---|---|---|
| 001 | 347918 | ||
| 003 | LARL_NWRL_CONSORTIUM | ||
| 005 | 20200818152950.0 | ||
| 008 | 200623s2020 cau805 vleng d | ||
| 007 | vd cvaizq | ||
| 040 | . | ‡aTEFMT ‡beng ‡erda ‡cTEFMT ‡dTEF ‡dOCLCF ‡dTEFMT | |
| 024 | 1 | . | ‡a032429338983 |
| 024 | 1 | . | ‡a032429338969 |
| 028 | 4 | 2. | ‡a59211913000 ‡bCBS DVD |
| 028 | 4 | 2. | ‡a59211911000 ‡bCBS DVD |
| 035 | . | ‡a(OCoLC)1159458277 | |
| 037 | . | ‡bMidwest Tape ‡nhttp://www.midwesttapes.com | |
| 041 | 1 | . | ‡aeng ‡peng ‡heng |
| 043 | . | ‡an-us-ny | |
| 082 | 0 | 4. | ‡a791.45/75 ‡223 |
| 130 | 0 | . | ‡aBlue bloods (Television program). ‡nSeason 10. |
| 245 | 1 | 0. | ‡aBlue bloods. ‡nThe tenth season. |
| 264 | 1. | ‡aLos Angeles, CA : ‡bParamount Home Entertainment, ‡c[2020] | |
| 300 | . | ‡a4 videodiscs (approximately 805 min.) : ‡bsound, color ; ‡c4 3/4 in. | |
| 336 | . | ‡atwo-dimensional moving image ‡btdi ‡2rdacontent | |
| 337 | . | ‡avideo ‡bv ‡2rdamedia | |
| 338 | . | ‡avideodisc ‡bvd ‡2rdacarrier | |
| 344 | . | ‡adigital ‡boptical ‡2rda | |
| 347 | . | ‡avideo file ‡bDVD video ‡2rda | |
| 380 | . | ‡aTelevision programs. ‡2lcgft | |
| 490 | 0 | . | ‡aBlue bloods ; ‡vSeason 10 |
| 538 | . | ‡aDVD, wide screen presentation. | |
| 546 | . | ‡aSubtitled for the deaf and hard of hearing (SDH). | |
| 500 | . | ‡aTitle from sell sheet. | |
| 511 | 1 | . | ‡aWill Estes, Bridget Moynahan, Tom Selleck, Donnie Wahlberg, Len Cariou, Sami Gayle, Vanessa Ray, Marisol Ramirez. |
| 500 | . | ‡aOriginally broadcast as single episodes of a television program in 2019 and 2020. | |
| 500 | . | ‡aWide screen. | |
| 520 | . | ‡aSeason ten picks up with newlyweds, Jamie and Eddie attempting to balance the rocky terrain of their work and personal lives. Erin Reagan confronts the realities of a job that tends to be more political than she would like. Detectives Danny Reagan and Maria Baez solve even more distressing crimes, and Frank Reagan continues to confront trouble from One Police Plaza. No matter what may arise, however, the Reagans and their family values never fail to make it home for Sunday dinner. | |
| 610 | 1 | 0. | ‡aNew York (N.Y.). ‡bPolice Department ‡vDrama. |
| 650 | 0. | ‡aPolice ‡xFamily relationships ‡vDrama. | |
| 650 | 0. | ‡aPolice ‡zNew York (State) ‡zNew York ‡vDrama. | |
| 650 | 0. | ‡aFamilies ‡vDrama. ‡0(LARL_NWRL_CONSORTIUM)164935 | |
| 650 | 0. | ‡aCriminal investigation ‡vDrama. | |
| 610 | 1 | 7. | ‡aNew York (N.Y.). ‡bPolice Department. ‡2fast |
| 650 | 7. | ‡aCriminal investigation. ‡2fast ‡0(LARL_NWRL_CONSORTIUM)18015 | |
| 650 | 7. | ‡aFamilies. ‡2fast ‡0(LARL_NWRL_CONSORTIUM)175985 | |
| 650 | 7. | ‡aPolice. ‡2fast ‡0(LARL_NWRL_CONSORTIUM)177863 | |
| 650 | 7. | ‡aPolice ‡xFamily relationships. ‡2fast | |
| 651 | 7. | ‡aNew York (State) ‡zNew York. ‡2fast | |
| 655 | 7. | ‡aDrama. ‡2fast | |
| 655 | 7. | ‡aFiction television programs. ‡2fast ‡0(LARL_NWRL_CONSORTIUM)175627 | |
| 655 | 7. | ‡aTelevision cop shows. ‡2fast ‡0(LARL_NWRL_CONSORTIUM)175782 | |
| 655 | 7. | ‡aTelevision crime shows. ‡2fast ‡0(LARL_NWRL_CONSORTIUM)175791 | |
| 655 | 7. | ‡aTelevision programs. ‡2fast ‡0(LARL_NWRL_CONSORTIUM)175822 | |
| 655 | 7. | ‡aTelevision series. ‡2fast ‡0(LARL_NWRL_CONSORTIUM)175797 | |
| 655 | 7. | ‡aVideo recordings for the hearing impaired. ‡2fast ‡0(LARL_NWRL_CONSORTIUM)175744 | |
| 655 | 7. | ‡aTelevision programs. ‡2lcgft ‡0(LARL_NWRL_CONSORTIUM)175822 | |
| 655 | 7. | ‡aTelevision crime shows. ‡2lcgft ‡0(LARL_NWRL_CONSORTIUM)175791 | |
| 655 | 7. | ‡aTelevision series. ‡2lcgft ‡0(LARL_NWRL_CONSORTIUM)175797 | |
| 655 | 7. | ‡aTelevision cop shows. ‡2lcgft ‡0(LARL_NWRL_CONSORTIUM)175782 | |
| 655 | 7. | ‡aFiction television programs. ‡2lcgft ‡0(LARL_NWRL_CONSORTIUM)175627 | |
| 655 | 7. | ‡aVideo recordings for the hearing impaired. ‡2lcgft ‡0(LARL_NWRL_CONSORTIUM)175744 | |
| 700 | 1 | . | ‡aSelleck, Tom, ‡d1945- ‡eactor. ‡0(LARL_NWRL_CONSORTIUM)85286 |
| 700 | 1 | . | ‡aWahlberg, Donnie, ‡d1969- ‡eactor. ‡0(LARL_NWRL_CONSORTIUM)142305 |
| 700 | 1 | . | ‡aEstes, Will, ‡d1978- ‡eactor. ‡0(LARL_NWRL_CONSORTIUM)208762 |
| 700 | 1 | . | ‡aMoynahan, Bridget, ‡d1972- ‡eactor. ‡0(LARL_NWRL_CONSORTIUM)149278 |
| 710 | 2 | . | ‡aParamount Home Entertainment (Firm), ‡epublisher. ‡0(LARL_NWRL_CONSORTIUM)210140 |
| 901 | . | ‡a347918 ‡bOCoLC ‡c347918 ‡tbiblio ‡soclc | |

Add to basket
Permalink
Disable Highlighting